000 00654cam a22002293a 4500
001 18017
003 PGUSA
005 20140828083401.0
008 060319s2006||||xxu|||||s|||||000 | eng d
040 _aPGUSA
_beng
042 _adc
050 4 _aB
100 1 _aSchéele, Frans von,
_d1853-1931
245 1 0 _aOm viljans frihet :
_bEtt föredrag
_h[electronic resource] /
_cFrans von Schéele
260 _bProject Gutenberg,
_c2006
506 _aPublic domain in the USA.
516 _aElectronic text
653 _aFree will and determinism
830 0 _aProject Gutenberg
_v18017
856 4 0 _uhttp://www.gutenberg.org/ebooks/18017
942 _cEB
999 _c247272
_d247272